<?xml version="1.0" encoding="UTF-8"?><?xml-stylesheet type="text/xsl" href="static/style.xsl"?><OAI-PMH xmlns="http://www.openarchives.org/OAI/2.0/" xmlns:xsi="http://www.w3.org/2001/XMLSchema-instance" xsi:schemaLocation="http://www.openarchives.org/OAI/2.0/ http://www.openarchives.org/OAI/2.0/OAI-PMH.xsd"><responseDate>2026-04-17T20:30:18Z</responseDate><request verb="GetRecord" identifier="oai:www.recercat.cat:20.500.12327/3271" metadataPrefix="marc">https://recercat.cat/oai/request</request><GetRecord><record><header><identifier>oai:recercat.cat:20.500.12327/3271</identifier><datestamp>2025-10-22T11:23:30Z</datestamp><setSpec>com_2072_4428</setSpec><setSpec>com_2072_4427</setSpec><setSpec>col_2072_487898</setSpec></header><metadata><record xmlns="http://www.loc.gov/MARC21/slim" xmlns:dcterms="http://purl.org/dc/terms/" xmlns:xsi="http://www.w3.org/2001/XMLSchema-instance" xmlns:doc="http://www.lyncode.com/xoai" xsi:schemaLocation="http://www.loc.gov/MARC21/slim http://www.loc.gov/standards/marcxml/schema/MARC21slim.xsd">
   <leader>00925njm 22002777a 4500</leader>
   <datafield ind2=" " ind1=" " tag="042">
      <subfield code="a">dc</subfield>
   </datafield>
   <datafield ind2=" " ind1=" " tag="720">
      <subfield code="a">Casellas, J.</subfield>
      <subfield code="e">author</subfield>
   </datafield>
   <datafield ind2=" " ind1=" " tag="720">
      <subfield code="a">Varona Aguado, Luis</subfield>
      <subfield code="e">author</subfield>
   </datafield>
   <datafield ind2=" " ind1=" " tag="720">
      <subfield code="a">Muñoz, G.</subfield>
      <subfield code="e">author</subfield>
   </datafield>
   <datafield ind2=" " ind1=" " tag="720">
      <subfield code="a">Ramírez, O.</subfield>
      <subfield code="e">author</subfield>
   </datafield>
   <datafield ind2=" " ind1=" " tag="720">
      <subfield code="a">Barragán, C.</subfield>
      <subfield code="e">author</subfield>
   </datafield>
   <datafield ind2=" " ind1=" " tag="720">
      <subfield code="a">Tomás, A.</subfield>
      <subfield code="e">author</subfield>
   </datafield>
   <datafield ind2=" " ind1=" " tag="720">
      <subfield code="a">Martínez-Giner, M.</subfield>
      <subfield code="e">author</subfield>
   </datafield>
   <datafield ind2=" " ind1=" " tag="720">
      <subfield code="a">Ovilo, C.</subfield>
      <subfield code="e">author</subfield>
   </datafield>
   <datafield ind2=" " ind1=" " tag="720">
      <subfield code="a">Sánchez, A.</subfield>
      <subfield code="e">author</subfield>
   </datafield>
   <datafield ind2=" " ind1=" " tag="720">
      <subfield code="a">Noguera, José Luis</subfield>
      <subfield code="e">author</subfield>
   </datafield>
   <datafield ind2=" " ind1=" " tag="720">
      <subfield code="a">Rodríguez, C.</subfield>
      <subfield code="e">author</subfield>
   </datafield>
   <datafield ind2=" " ind1=" " tag="260">
      <subfield code="c">2008-02-01</subfield>
   </datafield>
   <datafield ind2=" " ind1=" " tag="520">
      <subfield code="a">The aim of this study was to investigate chromosomal regions affecting gestation length in sows. An experimental F2 cross&#xd;
between Iberian and Meishan pig breeds was used for this purpose and we genotyped 119 markers covering the 18 porcine&#xd;
autosomal chromosomes. Within this context, we have developed a new empirical Bayes factor (BF) approach to compare&#xd;
between nested models, with and without the quantitative trait loci (QTL) effect, and after including the location of the QTL&#xd;
as an unknown parameter in the model. This empirical BF can be easily calculated from the output of a Markov chain&#xd;
Monte Carlo sampling by averaging conditional densities at the null QTL effects. Linkage analyses were performed in each&#xd;
chromosome using an animal model to account for infinitesimal genetic effects. Initially, three QTL were detected at&#xd;
chromosomes 6, 8 and 11 although, after correcting for multiple testing, only the additive QTL located in cM 110 of&#xd;
chromosome 8 remained. For this QTL, the allelic effect of substitution of the Iberian allele increased gestation length in&#xd;
0.521 days, with a highest posterior density region at 95% ranged between 0.121 and 0.972 days. Although future studies&#xd;
are necessary to confirm if detected QTL is relevant and segregating in commercial pig populations, a hot-spot on the genetic&#xd;
regulation of gestation length in pigs seems to be located in chromosome 8.</subfield>
   </datafield>
   <datafield ind1="8" ind2=" " tag="024">
      <subfield code="a">Casellas, J., L. Varona, G. Muñoz, O. Ramírez, C. Barragán, A. Tomás, M. Martínez-Giner, et al. 2008. “Empirical Bayes Factor Analyses of Quantitative Trait Loci for Gestation Length in Iberian × Meishan F2 Sows.” Animal 2 (2): 177–183. doi: 10.1017/s1751731107001085</subfield>
   </datafield>
   <datafield ind1="8" ind2=" " tag="024">
      <subfield code="a">1751-7311</subfield>
   </datafield>
   <datafield ind1="8" ind2=" " tag="024">
      <subfield code="a">http://hdl.handle.net/20.500.12327/3271</subfield>
   </datafield>
   <datafield ind1="8" ind2=" " tag="024">
      <subfield code="a">https://doi.org/10.1017/S1751731107001085</subfield>
   </datafield>
   <datafield ind2="0" ind1="0" tag="245">
      <subfield code="a">Empirical Bayes factor analyses of quantitative trait loci for gestation length in Iberian x Meishan F2 sows</subfield>
   </datafield>
</record></metadata></record></GetRecord></OAI-PMH>